Statistiche per Riconosci lo Stato - Quiz n°34

Clicka qui per fare il quiz!

Statistiche generali

  • Questo quiz è stato fatto 14 volte
  • Il punteggio medio è 9 su 13

Statistiche sulle risposte

IndizioRisposta% Corretto
Presidente della RepubblicaFaustin-Archange Touadéra
92%
ValutaFranco CFA / Bitcoin
92%
Iniziale della CapitaleB
85%
Indipendenzadalla Francia, 13 agosto 1960
77%
Primo ministroFélix Moloua
77%
Fuso OrarioUTC+1
77%
PIL (nominale)2 17] milioni di $
69%
Superficie622.984 km²
69%
ISU0,352
62%
Tasso di crescita2,142%
62%
Popolazione5.990.855 ab.
62%
Forma di GovernoRepubblica semipresidenziale
54%
RispostaRepubblica Centrafricana
46%

Distribuzione punteggi

Percentile per numero di risposta

Percentuale di utenti per punteggio

I tuoi punteggi nel tempo

Non hai fatto questo quiz